000 00532nam a2200169 i 4500
001 97786
003 ES-MaACL
005 20230906182148.0
007 t|
008 050718s1968 sp ||||1| baq d
100 1 _aMarín Triana, Manuel.
_976818
245 1 0 _aBidaztien aterpea /
_cManuel Marín Triana, S.J.; euskeratzallea: Etxebarria`tar Juan Anjel.
260 _aZarautz :
_bItxaropena,
_c1968.
300 _a216 p. ;
_c19 cm.
700 1 _aEtxebarria, Jon Gotzon (
_d1934-1996)
_948305
852 _aES-MaACL
_jC-51214
_bR.68156
999 _c97786
_d97786